Southville International School and Colleges
Your cart is empty.
  • Cart
  • Lists
    Public lists Eva Luna New books Lux_list list_1
    Your lists Log in to create your own lists
  • Log in to your account
  • Your cookies
  • Search history
Southville International School and Colleges
  • Advanced search
  • Recent comments
  • Most popular
  • Libraries

Log in to your account

Log in with GOOGLE


If you do not have an external account, but do have a local account, you can still log in:

  1. Home
  2. MARC view: The pig's tale = ang kuwento tungkol sa baboy /
Normal view MARC view ISBD view

The pig's tale = ang kuwento tungkol sa baboy / (Record no. 306587)

[ view plain ]
MARC details
000 -LEADER
fixed length control field 00742nam a2200229Ia 4500
008 - FIXED-LENGTH DATA ELEMENTS--GENERAL INFORMATION
fixed length control field 170203s9999 xx 000 0 und d
020 ## - INTERNATIONAL STANDARD BOOK NUMBER
International Standard Book Number 9717174598
050 ## - LIBRARY OF CONGRESS CALL NUMBER
Classification number Fic
050 ## - LIBRARY OF CONGRESS CALL NUMBER
Item number R883t
100 ## - MAIN ENTRY--PERSONAL NAME
Personal name Rowlands, Avril.
245 #4 - TITLE STATEMENT
Title The pig's tale = ang kuwento tungkol sa baboy /
245 ## - TITLE STATEMENT
Statement of responsibility, etc Avril Rowlands ; [Tagalog translations by Joe Arceo ; edited by Letty Paler ; illustrations by Zius Bondoc].
260 ## - PUBLICATION, DISTRIBUTION, ETC. (IMPRINT)
Place of publication, distribution, etc Makati, Philippines :
260 ## - PUBLICATION, DISTRIBUTION, ETC. (IMPRINT)
Name of publisher, distributor, etc Church Strengthening Ministry,
300 ## - PHYSICAL DESCRIPTION
Extent 24 pages :
300 ## - PHYSICAL DESCRIPTION
Other physical details color illustrations.
440 ## - SERIES STATEMENT/ADDED ENTRY--TITLE
Title Tales from the
440 ## - SERIES STATEMENT/ADDED ENTRY--TITLE
Volume number/sequential designation Ark, 2.
700 ## - ADDED ENTRY--PERSONAL NAME
Personal name Arceo, Joe, translated by
700 ## - ADDED ENTRY--PERSONAL NAME
Personal name Bondoc, Zius, illustrations by :
700 ## - ADDED ENTRY--PERSONAL NAME
Personal name Paler, Letty, edited by ;
Holdings
Withdrawn status Lost status Damaged status Home library Current library Shelving location Date acquired Total Checkouts Full call number Barcode Date last seen Price effective from Koha item type
      Stonyhurst Southville International School (Batangas) Stonyhurst Southville International School (Batangas)   02/03/2017   Fic .R883t LS-0136 02/03/2017 02/03/2017 Books

The pig's tale = ang kuwento tungkol sa baboy /

APA

Rowlands A., Arceo J. t. b., Bondoc Z. i. b. . & Paler L. e. b. .The pig's tale = ang kuwento tungkol sa baboy. Makati, Philippines: .

Chicago

Rowlands Avril, Arceo Joe translated by, Bondoc Zius illustrations by and Paler Letty edited by.The pig's tale = ang kuwento tungkol sa baboy. Makati, Philippines: .

Harvard

Rowlands A., Arceo J. t. b., Bondoc Z. i. b. . and Paler L. e. b. .The pig's tale = ang kuwento tungkol sa baboy. Makati, Philippines: .

MLA

Rowlands Avril, Arceo Joe translated by, Bondoc Zius illustrations by and Paler Letty edited by.Makati, Philippines: . .

  • Place hold
  • Print
  • Cite
  • Add to your cart (remove)
  • Save record
    BIBTEX Dublin Core MARCXML MARC (non-Unicode/MARC-8) MARC (Unicode/UTF-8) MARC (Unicode/UTF-8, Standard) MODS (XML) RIS
  • More searches
    Search for this title in:
    Other Libraries (WorldCat) Other Databases (Google Scholar) Online Stores (Bookfinder.com) Open Library (openlibrary.org)

Exporting to Dublin Core...

SOUTHVILLE LIBRARY

Southville International School and Colleges Library

1281 Tropical Ave. Cor. Luxembourg St., BF Homes International, Las Pinas City

Tel. No. 8256374 / 252358 Loc. 117/146

Powered by Koha